| 000 | 00348nam a22001337a 4500 | ||
|---|---|---|---|
| 008 | 180914b xxu||||| |||| 00| 0 eng d | ||
| 020 | _a9781449667535 | ||
| 041 | _aeng | ||
| 080 | _a616 | ||
| 100 | _a3 | ||
| 101 | _aSHM | ||
| 245 |
_aFundamentals Of Epidemiology And Biostatistics Combining The Basics _cMerrill,r,M |
||
| 942 |
_2udc _cBK |
||
| 999 |
_c47777 _d47777 |
||